| 000 | 005190000a22001930004500 | ||
|---|---|---|---|
| 001 | 003861 | ||
| 003 | MACL | ||
| 005 | 20150825132545.0 | ||
| 008 | 150825b xxu||||| |||| 00| 0 eng d | ||
| 040 |
_aMACL _cMACL |
||
| 041 | _aEnglish | ||
| 082 | _a701.17/BHA | ||
| 100 |
_aBhattacharya, Dr. Susmita _97316 |
||
| 245 |
_aAn Aesthetic Assessment of Bihub Songs _cDr. Susmita Bhattacharya |
||
| 260 |
_aKolkata _c2004 _bPranoti Publishing House, |
||
| 350 | _a150 | ||
| 650 |
_aPhilosophy _97317 |
||
| 942 |
_k701 _cBK _2ddc |
||
| 999 |
_c15754 _d15754 |
||